[Event "X MIEDZYNARODOWY JUBILEUSZOWY FESTIWAL S"]
[Site "LAZY, OW "]
[Date "2014.07.06"]
[Round "6.15"]
[White "Poswiatowski, Michal"]
[Black "Mitura, Vaclav"]
[Result "1/2-1/2"]
[WhiteElo "2013"]
[BlackElo "2098"]
[PlyCount "48"]
[EventDate "2014.??.??"]

1. e4 c6 2. d4 d5 3. Nc3 dxe4 4. Nxe4 Bf5 5. Nc5 b6 6. Nb3 e6 7. Nf3 Qc7 8. g3
Nd7 9. Bf4 Bd6 10. Bxd6 Qxd6 11. Bg2 Rc8 12. O-O Ne7 13. Nh4 Bg6 14. Qe2 O-O
15. Nxg6 hxg6 16. Rfd1 Qc7 17. Rd2 Rfe8 18. Rad1 Nd5 19. Nc1 N5f6 20. Nd3 e5
21. dxe5 Nxe5 22. Nxe5 Rxe5 23. Qf3 Rce8 24. h3 R5e6 1/2-1/2

[Event "X MIEDZYNARODOWY JUBILEUSZOWY FESTIWAL S"]
[Site "LAZY, OW "]
[Date "2014.07.06"]
[Round "6.17"]
[White "Parol, Pawel"]
[Black "Antonov, Alexandr"]
[Result "1-0"]
[WhiteElo "2001"]
[BlackElo "2077"]
[PlyCount "53"]
[EventDate "2014.??.??"]

1. Nf3 d5 2. c4 dxc4 3. e3 Nf6 4. Bxc4 e6 5. d4 a6 6. O-O b5 7. Bd3 Bb7 8. Qe2
Nbd7 9. e4 c5 10. Bg5 cxd4 11. e5 Bxf3 12. gxf3 h6 13. exf6 Bd6 14. Bh4 Nxf6
15. Nd2 g5 16. Bg3 Nh5 17. Bg6 Ng7 18. Be4 Ra7 19. a4 Bxg3 20. fxg3 bxa4 21.
Rxa4 O-O 22. Bd3 a5 23. Rc1 Qd7 24. Rac4 Rb8 25. Qe5 Rxb2 26. Ne4 Ne8 27. Rc8
1-0

[Event "X MIEDZYNARODOWY JUBILEUSZOWY FESTIWAL S"]
[Site "LAZY, OW "]
[Date "2014.07.06"]
[Round "6.18"]
[White "Mucha, Piotr"]
[Black "Filewicz, Przemyslaw"]
[Result "1/2-1/2"]
[WhiteElo "2026"]
[BlackElo "1924"]
[PlyCount "34"]
[EventDate "2014.??.??"]

1. e4 d5 2. exd5 Qxd5 3. Nc3 Qd8 4. d4 Nf6 5. Bd3 Bg4 6. Nf3 c6 7. Bg5 e6 8. h3
Bxf3 9. Qxf3 Nbd7 10. O-O Be7 11. Rfe1 O-O 12. Qg3 Nh5 13. Bxe7 Qxe7 14. Qf3
Nhf6 15. Ne2 Qd6 16. c4 Rfe8 17. Qg3 Qxg3 1/2-1/2

[Event "X MIEDZYNARODOWY JUBILEUSZOWY FESTIWAL S"]
[Site "LAZY, OW "]
[Date "2014.07.06"]
[Round "6.19"]
[White "Madynski, Pawel"]
[Black "Januszkiewicz, Wojciech"]
[Result "1-0"]
[WhiteElo "2086"]
[BlackElo "1852"]
[PlyCount "55"]
[EventDate "2014.??.??"]

1. Nf3 c5 2. c4 Nc6 3. g3 Nf6 4. Bg2 e6 5. Nc3 Be7 6. O-O O-O 7. d4 cxd4 8.
Nxd4 a6 9. b3 Qc7 10. Bb2 Rb8 11. Rc1 b6 12. Nd5 exd5 13. cxd5 Rd8 14. dxc6
dxc6 15. Rxc6 Qd7 16. Qc1 Bc5 17. Rxc5 bxc5 18. Nc6 Bb7 19. Nxb8 Rxb8 20. Bxb7
Qxb7 21. Qxc5 Rc8 22. Qf5 Ne4 23. Rd1 f6 24. Qe6+ Kh8 25. Rd7 Qb4 26. Kf1 Nc5
27. Qe7 Qg4 28. Qd8+ 1-0

[Event "X MIEDZYNARODOWY JUBILEUSZOWY FESTIWAL S"]
[Site "LAZY, OW "]
[Date "2014.07.06"]
[Round "6.23"]
[White "Kovalev, Egor"]
[Black "Harazinska, Ewa"]
[Result "1/2-1/2"]
[WhiteElo "2187"]
[BlackElo "2062"]
[PlyCount "64"]
[EventDate "2014.??.??"]

1. e4 c5 2. Nf3 d6 3. d4 cxd4 4. Nxd4 Nf6 5. Nc3 a6 6. Be2 e6 7. O-O Be7 8. f4
O-O 9. Kh1 Qc7 10. Bf3 Nc6 11. Be3 Nxd4 12. Qxd4 e5 13. Qd2 exf4 14. Bxf4 Be6
15. Rad1 Rfd8 16. Rg1 Rac8 17. Bg5 Qb6 18. Rb1 h6 19. Be3 Qc7 20. g4 d5 21. Qf2
Bc5 22. Bxc5 Qxc5 23. Qxc5 Rxc5 24. exd5 Nxd5 25. Rbd1 Rd7 26. Nxd5 Bxd5 27.
Bxd5 Rcxd5 28. Rxd5 Rxd5 29. Rg2 Rd1+ 30. Rg1 Rd2 31. Rg2 Rd1+ 32. Rg1 Rd2
1/2-1/2

[Event "X MIEDZYNARODOWY JUBILEUSZOWY FESTIWAL S"]
[Site "LAZY, OW "]
[Date "2014.07.06"]
[Round "6.24"]
[White "Krainski, Slawomir"]
[Black "Hilarecki, Grzegorz"]
[Result "1/2-1/2"]
[WhiteElo "2039"]
[BlackElo "2144"]
[PlyCount "70"]
[EventDate "2014.??.??"]

1. d4 Nf6 2. c4 c5 3. d5 d6 4. Nc3 g6 5. e4 Bg7 6. Be2 O-O 7. Bg5 h6 8. Bf4 b5
9. cxb5 a6 10. bxa6 Bxa6 11. Bxa6 Nxa6 12. Nf3 Qa5 13. O-O Nd7 14. Qe2 Rfb8 15.
Rab1 g5 16. Bd2 Nb4 17. a3 Nc2 18. h4 g4 19. Ne1 Nxe1 20. Rfxe1 Ne5 21. Nd1 Qa6
22. Ne3 Qxe2 23. Rxe2 e6 24. dxe6 fxe6 25. Bc3 Rxa3 26. Bxe5 Bxe5 27. Nc4 Rab3
28. Nxe5 dxe5 29. Rc1 Rxb2 30. Rxb2 Rxb2 31. Rxc5 Kf7 32. Rxe5 Kf6 33. Rh5 Kg6
34. Ra5 Rb4 35. Re5 Kf6 1/2-1/2

[Event "X MIEDZYNARODOWY JUBILEUSZOWY FESTIWAL S"]
[Site "LAZY, OW "]
[Date "2014.07.06"]
[Round "6.26"]
[White "Zolobowski, Grzegorz"]
[Black "Spicak, Krzysztof"]
[Result "1-0"]
[WhiteElo "2046"]
[BlackElo "1933"]
[PlyCount "117"]
[EventDate "2014.??.??"]

1. d4 e6 2. c4 f5 3. Nc3 Nf6 4. g3 d5 5. Bg2 Bb4 6. Bg5 O-O 7. e3 Bxc3+ 8. bxc3
c6 9. Bxf6 Rxf6 10. Nf3 Nd7 11. Qb3 Qc7 12. O-O b6 13. Rfc1 Ba6 14. Nd2 Rc8 15.
a4 Rff8 16. Bf1 Bb7 17. a5 Kh8 18. axb6 axb6 19. cxd5 exd5 20. Ba6 Ra8 21. Bd3
g6 22. c4 dxc4 23. Nxc4 b5 24. Nd2 Rxa1 25. Rxa1 Nb6 26. Rc1 Qd6 27. Bf1 Kg7
28. Bg2 Ra8 29. Nf3 Ra3 30. Qb2 Na4 31. Qd2 b4 32. Ne5 Rc3 33. Rxc3 Nxc3 34.
Qb2 Nd5 35. Nd3 Ba6 36. Nc5 Bb5 37. Bxd5 Qxd5 38. Qxb4 Qf3 39. Qe1 Bc4 40. e4
fxe4 41. h4 Bd5 42. Qe3 Qg4 43. Kh2 h6 44. Qa3 Qf5 45. Kg1 g5 46. Qa7+ Kg6 47.
Nd7 e3 48. Ne5+ Kh5 49. g4+ Qxg4+ 50. Nxg4 Kxg4 51. fxe3 Kf3 52. hxg5 hxg5 53.
Qe7 g4 54. Qe5 g3 55. Qf4+ Ke2 56. Qxg3 Kd3 57. Kf2 Be4 58. Qg1 Bd5 59. Qc1 1-0

[Event "X MIEDZYNARODOWY JUBILEUSZOWY FESTIWAL S"]
[Site "LAZY, OW "]
[Date "2014.07.06"]
[Round "6.27"]
[White "Szewczak, Andrzej"]
[Black "Woloch, Oskar"]
[Result "1-0"]
[WhiteElo "1976"]
[BlackElo "1929"]
[PlyCount "55"]
[EventDate "2014.??.??"]

1. e4 e5 2. Nf3 Nc6 3. Bc4 Bc5 4. Nc3 Nf6 5. d3 d6 6. Be3 Bb6 7. h3 h6 8. Qd2
Nd4 9. Ne2 c5 10. c3 Nxe2 11. Qxe2 Qe7 12. O-O O-O 13. Rfe1 Be6 14. Nd2 Rad8
15. f4 Bc7 16. f5 Bc8 17. Qf3 b6 18. g4 Nh7 19. Bd5 Kh8 20. Qg3 Qf6 21. h4 g5
22. hxg5 Nxg5 23. Kf2 Be6 24. Rh1 Kg7 25. Ke2 Bd7 26. Rh5 Rh8 27. Rah1 Rdg8 28.
Qh4 1-0

[Event "X MIEDZYNARODOWY JUBILEUSZOWY FESTIWAL S"]
[Site "LAZY, OW "]
[Date "2014.07.06"]
[Round "6.28"]
[White "Kowalski, Maciej"]
[Black "Pilzak, Marcin"]
[Result "1/2-1/2"]
[WhiteElo "1984"]
[BlackElo "1968"]
[PlyCount "25"]
[EventDate "2014.??.??"]

1. d4 Nf6 2. c4 e6 3. Nf3 c5 4. Nc3 cxd4 5. Nxd4 Bb4 6. Bd2 Nc6 7. e3 O-O 8.
Be2 d5 9. cxd5 Nxd4 10. exd4 exd5 11. O-O Qb6 12. Qb3 Ba5 13. Bf3 1/2-1/2

[Event "X MIEDZYNARODOWY JUBILEUSZOWY FESTIWAL S"]
[Site "LAZY, OW "]
[Date "2014.07.06"]
[Round "6.21"]
[White "Zylka, Stanislaw"]
[Black "Betkowski, Andrzej"]
[Result "0-1"]
[WhiteElo "1939"]
[BlackElo "2064"]
[PlyCount "50"]
[EventDate "2014.??.??"]

1. d4 f5 2. Bg5 g6 3. e3 Bg7 4. c4 Nf6 5. Nc3 O-O 6. Bd3 d6 7. Nf3 Nbd7 8. O-O
e5 9. e4 f4 10. Re1 h6 11. Bxf6 Bxf6 12. Bf1 g5 13. dxe5 Nxe5 14. Nxe5 Bxe5 15.
f3 Qf6 16. Qd3 Kh8 17. Rad1 g4 18. Be2 Qh4 19. Qd2 c5 20. fxg4 f3 21. Bxf3
Qxh2+ 22. Kf2 Rxf3+ 23. Kxf3 Qg3+ 24. Ke2 Bxg4+ 25. Kf1 Rf8+ 0-1

[Event "X MIEDZYNARODOWY JUBILEUSZOWY FESTIWAL S"]
[Site "LAZY, OW "]
[Date "2014.07.06"]
[Round "6.16"]
[White "Szostko, Jakub"]
[Black "Adamowicz, Maciej"]
[Result "0-1"]
[WhiteElo "2002"]
[BlackElo "2089"]
[PlyCount "62"]
[EventDate "2014.??.??"]

1. e4 c5 2. Nc3 Nc6 3. Bb5 e6 4. Bxc6 bxc6 5. d3 Qc7 6. f4 d5 7. Nf3 Ba6 8. e5
Ne7 9. O-O h5 10. b3 Nf5 11. Na4 Bb5 12. Nb2 c4 13. g3 c3 14. Na4 Bxa4 15. bxa4
Qb6+ 16. Kg2 Bc5 17. d4 Nxd4 18. a5 Qb4 19. Nxd4 Bxd4 20. f5 Bxe5 21. Qe2 f6
22. fxe6 Qe7 23. Rf5 Qxe6 24. Rxh5 Kf7 25. Rb1 Rhb8 26. Rb3 Rxb3 27. axb3 Bd6
28. Qf3 Re8 29. Bf4 Bxf4 30. gxf4 Qe2+ 31. Qf2 Qxh5 0-1

[Event "X MIEDZYNARODOWY JUBILEUSZOWY FESTIWAL S"]
[Site "LAZY, OW "]
[Date "2014.07.06"]
[Round "6.20"]
[White "Walter, Szymon"]
[Black "Janik, Igor"]
[Result "1/2-1/2"]
[WhiteElo "1977"]
[BlackElo "2071"]
[PlyCount "62"]
[EventDate "2014.??.??"]

1. e4 c5 2. Nc3 Nc6 3. f4 e6 4. Nf3 Nge7 5. Bb5 Nd4 6. Nxd4 cxd4 7. Ne2 Qb6 8.
Bd3 g6 9. b3 Bg7 10. Bb2 O-O 11. a4 Nc6 12. e5 f6 13. a5 Qd8 14. exf6 Bxf6 15.
O-O Nxa5 16. b4 Nc6 17. b5 Nb4 18. Ra4 Nxd3 19. cxd3 d5 20. Nxd4 Bd7 21. Bc3 a6
22. Qe2 Qb6 23. Kh1 axb5 24. Rxa8 Rxa8 25. Nxb5 Bxc3 26. Nxc3 Qd6 27. Qe5 Qxe5
28. fxe5 b5 29. Rb1 Kf7 30. Kg1 Rb8 31. Rb4 Ke7 1/2-1/2

[Event "X MIEDZYNARODOWY JUBILEUSZOWY FESTIWAL S"]
[Site "LAZY, OW "]
[Date "2014.07.06"]
[Round "6.22"]
[White "Mazalon, Mariusz"]
[Black "Lebiedowicz, Borys"]
[Result "1-0"]
[WhiteElo "2043"]
[BlackElo "1833"]
[PlyCount "58"]
[EventDate "2014.??.??"]

1. Nf3 d5 2. g3 Nf6 3. Bg2 c5 4. O-O Nc6 5. d4 cxd4 6. Nxd4 e5 7. Nxc6 bxc6 8.
c4 Bb7 9. cxd5 cxd5 10. Nc3 Qd7 11. Qb3 Bc5 12. Bg5 O-O 13. Bxf6 gxf6 14. Bxd5
Rab8 15. Bxb7 Rxb7 16. Qa4 Qe6 17. b3 Bd4 18. Rac1 Rc8 19. Nb5 Rxc1 20. Rxc1
Bb6 21. e3 Qd7 22. Nc3 Qe6 23. Ne4 f5 24. Rc6 Qe7 25. Nd6 Rd7 26. Nxf5 Rd1+ 27.
Kg2 Qg5 28. Rc8+ Rd8 29. Qe8+ Rxe8 1-0

[Event "X MIEDZYNARODOWY JUBILEUSZOWY FESTIWAL S"]
[Site "LAZY, OW "]
[Date "2014.07.06"]
[Round "6.25"]
[White "Lukasiewicz, Anna"]
[Black "Sawicki, Mikolaj"]
[Result "1-0"]
[WhiteElo "2062"]
[BlackElo "1965"]
[PlyCount "94"]
[EventDate "2014.??.??"]

1. e4 d5 2. exd5 Qxd5 3. Nc3 Qa5 4. Nf3 Nf6 5. d4 Nc6 6. Bd2 Bg4 7. Be2 O-O-O
8. Nb5 Qb6 9. c3 Bxf3 10. gxf3 e5 11. dxe5 Nxe5 12. Qb3 Bc5 13. O-O-O Bxf2 14.
c4 a6 15. f4 Nc6 16. Qh3+ Kb8 17. Nc3 Rhe8 18. Bf3 Be3 19. Qg2 Rxd2 20. Rxd2
Rd8 21. Rhd1 Rxd2 22. Rxd2 Bxf4 23. Bxc6 Qxc6 24. Qxg7 Ne4 25. Qh8+ Ka7 26.
Qd4+ Qc5 27. Qxe4 Qg1+ 28. Kc2 Bxd2 29. Kxd2 Qxh2+ 30. Qe2 Qd6+ 31. Kc2 Qg6+
32. Qe4 f5 33. Qd4+ b6 34. Qf4 Kb7 35. Nd5 Qc6 36. Ne3 b5 37. Qxf5 bxc4 38.
Qxh7 Qa4+ 39. Kb1 c3 40. Qh1+ c6 41. Qh7+ Kb6 42. b3 Qf4 43. Nc4+ Kc5 44. Qe7+
Kd5 45. Nb6+ Kd4 46. Qb4+ Ke5 47. Qxf4+ Kxf4 1-0

[Event "X MIEDZYNARODOWY JUBILEUSZOWY FESTIWAL S"]
[Site "LAZY, OW "]
[Date "2014.07.06"]
[Round "7.1"]
[White "Tomczak, Jacek"]
[Black "Shishkin, Vadim"]
[Result "1-0"]
[WhiteElo "2551"]
[BlackElo "2489"]
[PlyCount "93"]
[EventDate "2014.??.??"]

1. e4 c5 2. Nf3 Nc6 3. d4 cxd4 4. Nxd4 Nf6 5. Nc3 d6 6. Bc4 e6 7. Be3 Be7 8.
Qe2 a6 9. Bb3 Qc7 10. f4 O-O 11. f5 Nxd4 12. Bxd4 e5 13. Bf2 b5 14. a3 Bb7 15.
g4 b4 16. axb4 d5 17. Nxd5 Nxd5 18. exd5 Bxb4+ 19. Kf1 a5 20. c4 Rfe8 21. Ba4
Re7 22. Qe4 Rc8 23. b3 Qd6 24. Kg2 f6 25. Rhd1 Kh8 26. Rd3 Rec7 27. Bb5 Rg8 28.
Rh3 Bc8 29. Kh1 Bd7 30. Bxd7 Rxd7 31. Rg1 Rf8 32. Qe3 Kg8 33. Qb6 Qxb6 34. Bxb6
Rb8 35. Bf2 h6 36. Ra1 Kf7 37. Kg2 Ke7 38. Rd3 Kd6 39. Kf3 Rdb7 40. Ke4 Ra8 41.
Ra4 Ra6 42. Be3 Rb8 43. Rd1 Bc5 44. Bxc5+ Kxc5 45. d6 Kc6 46. b4 Kd7 47. Rxa5
1-0

[Event "X MIEDZYNARODOWY JUBILEUSZOWY FESTIWAL S"]
[Site "LAZY, OW "]
[Date "2014.07.06"]
[Round "7.2"]
[White "Licznerski, Lukasz"]
[Black "Warakomski, Tomasz"]
[Result "0-1"]
[WhiteElo "2344"]
[BlackElo "2505"]
[PlyCount "57"]
[EventDate "2014.??.??"]

1. e4 d6 2. d4 Nf6 3. Nc3 e5 4. dxe5 dxe5 5. Qxd8+ Kxd8 6. Bc4 Ke8 7. Nf3 Bd6
8. Bg5 Nbd7 9. O-O-O a6 10. a4 h6 11. Bh4 b6 12. Rhe1 Bb7 13. Nd5 Nxd5 14. exd5
Kf8 15. g4 f6 16. Bg3 g5 17. h4 b5 18. axb5 Nb6 19. Bb3 axb5 20. c3 Bc8 21. Nh2
h5 22. gxh5 gxh4 23. Bxh4 Rxh5 24. Bg3 Nc4 25. Kb1 Kf7 26. f3 Rh3 27. Nf1 Bd7
28. f4 exf4 29. Bf2 1/2-1/2

[Event "X MIEDZYNARODOWY JUBILEUSZOWY FESTIWAL S"]
[Site "LAZY, OW "]
[Date "2014.07.06"]
[Round "7.3"]
[White "Nurkiewicz, Maciej"]
[Black "Niekras, Dawid"]
[Result "1-0"]
[WhiteElo "2392"]
[BlackElo "1981"]
[PlyCount "141"]
[EventDate "2014.??.??"]

1. e4 e5 2. Nf3 Nc6 3. Bb5 a6 4. Ba4 Nf6 5. O-O Be7 6. Bxc6 dxc6 7. d3 Bg4 8.
h3 Bxf3 9. Qxf3 Qd6 10. Nd2 Nd7 11. Nc4 Qe6 12. b3 O-O-O 13. Qg3 Bf6 14. Be3 h5
15. Rad1 g5 16. Bxg5 Rdg8 17. h4 Be7 18. Qf3 Bxg5 19. hxg5 Rxg5 20. Ne3 Rhg8
21. Kh1 Nf8 22. Qh3 Kb8 23. Qxe6 Nxe6 24. g3 h4 25. g4 Nf4 26. f3 Rd8 27. Rd2
Rgg8 28. Rh2 Rh8 29. Kg1 Rh7 30. Kf2 f6 31. Rfh1 Rdh8 32. Nf5 Ng6 33. d4 Kc8
34. dxe5 fxe5 35. Rd1 Rd7 36. Rhh1 a5 37. a4 b6 38. Ke3 Kd8 39. Rxd7+ Kxd7 40.
Rd1+ Ke6 41. Ng7+ Ke7 42. Nh5 b5 43. Ra1 Ra8 44. f4 exf4+ 45. Nxf4 Ne5 46. g5
Kf7 47. Rf1 bxa4 48. Nd3+ Ke6 49. Rf6+ Ke7 50. Nxe5 a3 51. Nxc6+ Kd7 52. Ne5+
Ke7 53. Rf1 h3 54. Nf3 Rh8 55. Nh2 Rg8 56. Rg1 Kd6 57. Nf3 Kc5 58. c3 a4 59.
bxa4 Kc4 60. Kd2 Kb3 61. Rb1+ Ka2 62. Rb5 Rf8 63. Ke3 Ka1 64. e5 c6 65. Rb7 Rh8
66. Nh2 a2 67. Nf3 Rh7 68. Rb6 h2 69. Ne1 Rh3+ 70. Kd2 Rd3+ 71. Kxd3 1-0

[Event "X MIEDZYNARODOWY JUBILEUSZOWY FESTIWAL S"]
[Site "LAZY, OW "]
[Date "2014.07.06"]
[Round "7.4"]
[White "Sharapov, Evgeny"]
[Black "Zielinski, Wojciech"]
[Result "1-0"]
[WhiteElo "2377"]
[BlackElo "2185"]
[PlyCount "87"]
[EventDate "2014.??.??"]

1. e4 e6 2. d4 d5 3. Nc3 dxe4 4. Nxe4 Nd7 5. Nf3 Ngf6 6. Nxf6+ Nxf6 7. Be3 Nd5
8. Qd2 Nxe3 9. fxe3 Bd6 10. Bd3 O-O 11. O-O-O Qe8 12. c4 c5 13. Ng5 h6 14. Nh7
e5 15. Nxf8 e4 16. Bc2 Bxf8 17. Rdf1 g6 18. dxc5 Be6 19. Qe2 Qc6 20. Rf4 f5 21.
g4 Qxc5 22. gxf5 Bxc4 23. Qf2 Bd3 24. Kb1 g5 25. Rg4 Rc8 26. Bxd3 exd3 27. Rd4
Qb5 28. Rc1 Rxc1+ 29. Kxc1 Qc6+ 30. Kd1 Qh1+ 31. Kd2 Qb1 32. Kc3 b5 33. Rxd3
b4+ 34. Kd4 Bg7+ 35. Ke4 Qh1+ 36. Qf3 Qxh2 37. f6 Bf8 38. Kf5 Qc2 39. Qd5+ Kh8
40. Kg6 g4 41. f7 Qxb2 42. Rd4 Qc2+ 43. Re4 Qc3 44. Qd4+ 1-0

[Event "X MIEDZYNARODOWY JUBILEUSZOWY FESTIWAL S"]
[Site "LAZY, OW "]
[Date "2014.07.06"]
[Round "7.5"]
[White "Jarmula, Pawel"]
[Black "Rudolf, Michal"]
[Result "1/2-1/2"]
[WhiteElo "2140"]
[BlackElo "2363"]
[PlyCount "40"]
[EventDate "2014.??.??"]

1. e4 c6 2. d4 d5 3. e5 Bf5 4. Nd2 e6 5. Nb3 Nd7 6. Nf3 h6 7. Be2 Ne7 8. O-O
Bh7 9. a4 Qc7 10. a5 a6 11. Bd2 Nc8 12. c4 dxc4 13. Bxc4 Be7 14. Rc1 Qd8 15.
Qe2 O-O 16. Rfd1 Re8 17. Be1 Bf8 18. Nfd2 Ne7 19. Ne4 Nd5 20. g3 Qc7 1/2-1/2

[Event "X MIEDZYNARODOWY JUBILEUSZOWY FESTIWAL S"]
[Site "LAZY, OW "]
[Date "2014.07.06"]
[Round "7.6"]
[White "Kosiorek, Marek"]
[Black "Eggink, Mateusz"]
[Result "1/2-1/2"]
[WhiteElo "2361"]
[BlackElo "2164"]
[PlyCount "76"]
[EventDate "2014.??.??"]

1. c4 Nf6 2. Nc3 c5 3. g3 g6 4. Bg2 Bg7 5. e4 Nc6 6. Nge2 d6 7. h3 O-O 8. O-O
Nd4 9. d3 Rb8 10. Rb1 Bd7 11. Be3 Ne8 12. b4 cxb4 13. Bxd4 Bxd4 14. Nxd4 bxc3
15. Qc2 Qa5 16. Rfc1 Nc7 17. Qxc3 Qxc3 18. Rxc3 Rfc8 19. Rcb3 b6 20. Ra3 a6 21.
Rab3 e5 22. Ne2 b5 23. a4 Ne6 24. axb5 axb5 25. cxb5 Nc5 26. Rc3 Rxb5 27. Rxb5
Bxb5 28. Nc1 Ra8 29. Bf3 Ra4 30. h4 Kf8 31. Kg2 Ke7 32. Be2 f5 33. f3 Kd8 34.
Kf2 Kc7 35. Ke3 Kb6 36. Bd1 Ra1 37. exf5 gxf5 38. d4 Ne6 1/2-1/2

[Event "X MIEDZYNARODOWY JUBILEUSZOWY FESTIWAL S"]
[Site "LAZY, OW "]
[Date "2014.07.06"]
[Round "7.7"]
[White "Karpus, Michal"]
[Black "Pazderski, Ziemowit"]
[Result "1-0"]
[WhiteElo "1943"]
[BlackElo "2262"]
[PlyCount "41"]
[EventDate "2014.??.??"]

1. e4 c5 2. Nf3 Nc6 3. d4 cxd4 4. Nxd4 Nf6 5. Nc3 g6 6. Nxc6 bxc6 7. e5 Ng8 8.
Bc4 Bg7 9. Qf3 f5 10. Bf4 Qa5 11. O-O-O e6 12. Bxe6 Ne7 13. Bb3 Bb7 14. Bg5
Bxe5 15. Rhe1 d6 16. Bxe7 Kxe7 17. Qe3 f4 18. Qxf4 Raf8 19. Qg5+ Rf6 20. f4 h6
21. Qg3 1-0

[Event "X MIEDZYNARODOWY JUBILEUSZOWY FESTIWAL S"]
[Site "LAZY, OW "]
[Date "2014.07.06"]
[Round "7.8"]
[White "Wacior, Maciej"]
[Black "Nowicki, Bartosz"]
[Result "1/2-1/2"]
[WhiteElo "1863"]
[BlackElo "2256"]
[PlyCount "74"]
[EventDate "2014.??.??"]

1. d4 f5 2. Nf3 Nf6 3. Bf4 e6 4. c4 d5 5. e3 c6 6. Nc3 Be7 7. Be2 O-O 8. Qb3
Nh5 9. Be5 Nd7 10. Nd2 Qe8 11. f4 Nxe5 12. dxe5 g5 13. Qd1 Ng7 14. cxd5 exd5
15. Nf3 Ne6 16. Nd4 Qg6 17. Nxe6 Bxe6 18. Qd4 Rfd8 19. O-O-O b5 20. Kb1 c5 21.
Qd2 b4 22. Nb5 Rd7 23. Qc2 Rc8 24. Qa4 Kh8 25. Qa6 Rcd8 26. Nd6 Bxd6 27. exd6
gxf4 28. exf4 Qxg2 29. Bb5 Rxd6 30. Qxa7 Qe4+ 31. Ka1 Bg8 32. Qxc5 Qxf4 33.
Rhf1 Qe5 34. Qxb4 d4 35. Bd3 Ra8 36. b3 Be6 37. Rd2 Bd7 1/2-1/2

[Event "X MIEDZYNARODOWY JUBILEUSZOWY FESTIWAL S"]
[Site "LAZY, OW "]
[Date "2014.07.06"]
[Round "7.9"]
[White "Antolak, Julia"]
[Black "Jaroch, Pawel"]
[Result "1-0"]
[WhiteElo "1869"]
[BlackElo "2228"]
[PlyCount "101"]
[EventDate "2014.??.??"]

1. e4 e6 2. d4 d5 3. Nd2 Nf6 4. e5 Ne4 5. Nxe4 dxe4 6. Be3 c5 7. Qg4 cxd4 8.
O-O-O Qa5 9. Rxd4 Qxa2 10. Bb5+ Bd7 11. Ra4 Qd5 12. Bxd7+ Nxd7 13. Qxe4 Qxe5
14. Qxe5 Nxe5 15. Rxa7 Rxa7 16. Bxa7 Bd6 17. Ne2 Ke7 18. Rd1 Ra8 19. Bd4 g5 20.
Kb1 f5 21. Nc3 Nd7 22. Nb5 Bc5 23. Bxc5+ Nxc5 24. b4 Ne4 25. f3 Nf6 26. Re1 Rd8
27. Nc7 Rd6 28. c4 b6 29. Re2 g4 30. Nb5 gxf3 31. gxf3 Rd7 32. Kc2 Rd8 33. Kc3
Rc8 34. Nd4 Nd5+ 35. Kb3 Nf4 36. Nxf5+ Kf6 37. Nd6 Rd8 38. Re4 Ng6 39. c5 bxc5
40. bxc5 Rb8+ 41. Rb4 Rxb4+ 42. Kxb4 Ne5 43. Ka5 Ke7 44. Kb6 Nd7+ 45. Kc6 Ne5+
46. Kb7 Kd7 47. Nc8 Nf7 48. c6+ Ke8 49. c7 e5 50. Kc6 e4 51. Nd6+ 1-0

[Event "X MIEDZYNARODOWY JUBILEUSZOWY FESTIWAL S"]
[Site "LAZY, OW "]
[Date "2014.07.06"]
[Round "7.10"]
[White "Krainski, Aleksander"]
[Black "Smolka, Marcin"]
[Result "1-0"]
[WhiteElo "2212"]
[BlackElo "2089"]
[PlyCount "57"]
[EventDate "2014.??.??"]

1. d4 d5 2. Nf3 Nf6 3. e3 e6 4. Bd3 Bd6 5. Nbd2 c5 6. c3 Nc6 7. O-O e5 8. e4
O-O 9. dxc5 Bxc5 10. b4 Bd6 11. Bb2 Bg4 12. Re1 Qc7 13. exd5 Nxd5 14. Nc4 Nce7
15. Nxd6 Qxd6 16. c4 Bxf3 17. gxf3 Qxb4 18. Bxe5 f6 19. Bg3 Nc3 20. Bd6 Nxd1
21. Bxb4 Nb2 22. Be4 Rfe8 23. Rab1 f5 24. Bxb7 Rab8 25. Rxe7 Rxe7 26. Bxe7 Rxb7
27. Ba3 Rc7 28. Rxb2 Rxc4 29. Rb8+ 1-0

[Event "X MIEDZYNARODOWY JUBILEUSZOWY FESTIWAL S"]
[Site "LAZY, OW "]
[Date "2014.07.06"]
[Round "7.11"]
[White "Jacek, Krystian"]
[Black "Parol, Pawel"]
[Result "1/2-1/2"]
[WhiteElo "2148"]
[BlackElo "2001"]
[PlyCount "44"]
[EventDate "2014.??.??"]

1. e4 e5 2. Nf3 Nc6 3. Bb5 a6 4. Ba4 Nf6 5. O-O Be7 6. Re1 b5 7. Bb3 d6 8. c3
O-O 9. h3 Na5 10. Bc2 c5 11. d4 Nd7 12. d5 Nb6 13. Nbd2 Qc7 14. Nf1 f5 15. exf5
Bxf5 16. Bxf5 Rxf5 17. Ng3 Rf7 18. Ne4 Raf8 19. Be3 Rf5 20. Bxc5 Nbc4 21. b3
dxc5 22. bxc4 Nxc4 1/2-1/2

[Event "X MIEDZYNARODOWY JUBILEUSZOWY FESTIWAL S"]
[Site "LAZY, OW "]
[Date "2014.07.06"]
[Round "7.12"]
[White "Adamowicz, Maciej"]
[Black "Snihur, Piotr"]
[Result "1/2-1/2"]
[WhiteElo "2089"]
[BlackElo "2147"]
[PlyCount "64"]
[EventDate "2014.??.??"]

1. c4 e6 2. Nf3 d5 3. b3 d4 4. e3 c5 5. exd4 cxd4 6. Bb2 Nc6 7. d3 Nf6 8. g3
Be7 9. Bg2 O-O 10. O-O e5 11. Na3 Bf5 12. Qe2 Nd7 13. Nd2 Re8 14. Nc2 a5 15.
Be4 Bxe4 16. dxe4 Nc5 17. Qg4 Qb6 18. Ba3 Ra6 19. Bxc5 Bxc5 20. Ne1 Bb4 21. Qe2
d3 22. Qd1 Nd4 23. Kh1 Qg6 24. f3 Qh6 25. Rf2 Qe3 26. Kg2 Ne6 27. Nf1 Nf4+ 28.
gxf4 Rg6+ 29. Ng3 exf4 30. Qxd3 Bxe1 31. Qxe3 fxe3 32. Re2 Bf2 1/2-1/2

[Event "X MIEDZYNARODOWY JUBILEUSZOWY FESTIWAL S"]
[Site "LAZY, OW "]
[Date "2014.07.06"]
[Round "7.13"]
[White "Plichta, Kamil"]
[Black "Mazalon, Mariusz"]
[Result "1-0"]
[WhiteElo "2247"]
[BlackElo "2043"]
[PlyCount "65"]
[EventDate "2014.??.??"]

1. d4 Nf6 2. c4 e6 3. Nc3 Bb4 4. f3 c5 5. d5 b5 6. e4 bxc4 7. Bxc4 exd5 8. Bxd5
Nxd5 9. Qxd5 Nc6 10. Nge2 Ba6 11. Kf2 O-O 12. Rd1 Qb6 13. Be3 Rad8 14. Na4 Qb5
15. Nec3 Qa5 16. Bxc5 Bxc3 17. Nxc3 Nb4 18. Bxb4 Qxb4 19. Rab1 d6 20. Qd4 Qb8
21. Nd5 Kh8 22. g4 Rfe8 23. Rbc1 Bb7 24. b3 Re5 25. Qb4 Bxd5 26. Qxb8 Rxb8 27.
Rxd5 Rxd5 28. exd5 h5 29. Rc6 Rb5 30. Rxd6 Rc5 31. Kg3 hxg4 32. fxg4 Rc2 33.
Ra6 1-0

[Event "X MIEDZYNARODOWY JUBILEUSZOWY FESTIWAL S"]
[Site "LAZY, OW "]
[Date "2014.07.06"]
[Round "7.14"]
[White "Mitura, Vaclav"]
[Black "Mucha, Piotr"]
[Result "0-1"]
[WhiteElo "2098"]
[BlackElo "2026"]
[PlyCount "110"]
[EventDate "2014.??.??"]

1. d4 Nf6 2. Nf3 g6 3. c4 Bg7 4. Nc3 O-O 5. g3 d6 6. Bg2 Nc6 7. O-O a6 8. h3
Bd7 9. Be3 Rb8 10. Rc1 b5 11. cxb5 axb5 12. b3 e6 13. Qd2 Ne7 14. b4 Ned5 15.
Nxd5 exd5 16. Bg5 Qc8 17. Bxf6 Bxf6 18. Kh2 Ra8 19. Rc2 Bf5 20. Rc3 Ra7 21. a3
Qd7 22. Rfc1 Rfa8 23. Qb2 Be4 24. e3 Qf5 25. Ne1 Bxg2 26. Kxg2 c5 27. bxc5 dxc5
28. Rxc5 Be7 29. Qxb5 Bxc5 30. Rxc5 Rxa3 31. Qe2 Ra1 32. Nf3 Qb1 33. g4 R8a2
34. Qb5 Qxb5 35. Rxb5 Ra5 36. Rxa5 Rxa5 37. g5 Kg7 38. h4 f6 39. Kg3 Ra1 40.
Kg2 Kf7 41. Nh2 Ke6 42. Kf3 Kf5 43. Ng4 fxg5 44. hxg5 Kxg5 45. Ne5 h5 46. Nd3
h4 47. Nf4 Ra5 48. Kg2 Kf5 49. Kf3 g5 50. Nd3 Ra2 51. Ne5 Ra1 52. Ng4 Rg1 53.
Nh6+ Kg6 54. Ng4 h3 55. Nh2 Kf5 0-1

[Event "X MIEDZYNARODOWY JUBILEUSZOWY FESTIWAL S"]
[Site "LAZY, OW "]
[Date "2014.07.06"]
[Round "7.15"]
[White "Poswiatowski, Michal"]
[Black "Madynski, Pawel"]
[Result "1-0"]
[WhiteElo "2013"]
[BlackElo "2086"]
[PlyCount "65"]
[EventDate "2014.??.??"]

1. e4 d5 2. exd5 Qxd5 3. Nc3 Qd6 4. d4 Nf6 5. Bd3 a6 6. Nge2 Bg4 7. f3 Bh5 8.
Bf4 Qd8 9. Qd2 e6 10. O-O-O Bb4 11. h4 Nd5 12. g4 Bg6 13. Bxg6 hxg6 14. Be5 Nc6
15. Bxg7 Rh7 16. Bh6 Nxc3 17. Nxc3 Bxc3 18. Qxc3 Rxh6 19. d5 Rxh4 20. Rxh4 Qxh4
21. dxc6 b6 22. Qg7 Qg5+ 23. Kb1 Qc5 24. Qh8+ Qf8 25. Qxf8+ Kxf8 26. Rd7 Ke8
27. Rxc7 Rd8 28. a4 b5 29. axb5 axb5 30. Ka2 f5 31. Rg7 Rd6 32. Rg8+ Kf7 33. c7
1-0

[Event "X MIEDZYNARODOWY JUBILEUSZOWY FESTIWAL S"]
[Site "LAZY, OW "]
[Date "2014.07.06"]
[Round "7.16"]
[White "Filewicz, Przemyslaw"]
[Black "Nowak, Lukasz"]
[Result "0-1"]
[WhiteElo "1924"]
[BlackElo "2081"]
[PlyCount "48"]
[EventDate "2014.??.??"]

1. d4 d5 2. Nf3 Nf6 3. c4 c6 4. cxd5 cxd5 5. Nc3 Nc6 6. e3 Bg4 7. Bb5 Rc8 8.
Qa4 Bxf3 9. gxf3 a6 10. Be2 e6 11. O-O Bd6 12. f4 h6 13. Bf3 g5 14. Ne2 h5 15.
b4 gxf4 16. Nxf4 Rg8+ 17. Bg2 Ne4 18. Qd1 Qg5 19. Qf3 Ne7 20. Qh3 Rc2 21. Nd3
Qh6 22. f4 Rcxg2+ 23. Qxg2 Rxg2+ 24. Kxg2 Nf5 0-1